00760 2200253 4500001002100000005001700021008004100038020002200079035002400101040001200125041001300137082001400150084001400164100002000178245006200198250003600260260004200296300003100338500005100369650003700420700001900457850001200476990001800488INLIS00000000003486320180402103608.0 ind  a978-979-403-755-3 0010-041800000000042 aYOPDYOG0 aindgeng042[23]a423 a423 Ech K1 aECHOLS, John M.0 aKamus Indonesia-Inggris /cJohn M. Echols, Hassan Shadily aEdisi ketiga, Cetakan kesebelas aJakartabGramedia Pustaka Utamac2008 axxi, 618 halaman ;c23 cm. aTeks dalam bahasa Indonesia dan bahasa Inggris 4aBahasa InggrisvKamusxIndonesia0 aHASSAN SHADILY aYOPDYOG a58840-PD/A.18